000 01037cam a2200241 4500
001 ABS62821
008 000000n2000 000 0 eng u
035 _a(Sirsi) u108458
100 _aCottam, G.
245 2 _aA fast case of the blues
260 _c2000
490 _aContract Journal
_v(6682) 7 September 2000, 49(1)
520 _aDiscusses the case of "Redland Aggregates v Shephard Hill Civil Engineering Construction" which highlighted the problems that can arise when all parties involved in a contract are part of a common dispute. In this particular case, the HL found in favour of the subcontractor.
590 _aABS
650 _aREDLAND AGGREGATES V SHEPHARD HILL CIVIL ENGINEERING CONSTRUCTION
650 _aCECA
650 _aMANAGEMENT-DISPUTE AVOIDANCE, MANAGEMENT AND RESOLUTION-DISPUTE MANAGEMENT AND RESOLUTION-ARBITRATION
650 _aSUBCONTRACTORS
650 _aICE CONDITIONS OF CONTRACT
650 _aCONSTRUCTION DISPUTES
690 _aBUILT ENVIRONMENT-BUILDING CONTRACT FORMS
942 _n0
999 _c64757
_d64757